Missing Word: '60s One-Hit Wonders Quiz Stats

 Plays Quiz Updated Jun 30, 2017

Support Sporcle.
Go Orange.
Score 0/24 Timer 03:00
0 Plays Today
Title - Artist Answer % Correct
A Million to ___ - Jimmy CharlesOne
87.1%
You Don't Have to Be a Baby to ___ - The CaravellesCry
78%
_____ Tambourine - The Lemon PipersGreen
70.2%
Nobody But __ - The Human BeinzMe
63.7%
In the Year ____ - Zager and Evans2525
63.2%
____ is Blue - Paul MauriatLove
62.9%
Then You Can ____ Me Goodbye - The CasinosTell
62.4%
The ___ from New York City - The Ad LibsBoy
61.9%
You ____ Too Much - Joe JonesTalk
61.1%
Angel of the _______ - Merrilee Rush & The TurnaboutsMorning
59.6%
There's a ____ Out Tonight - The CaprisMoon
58.5%
Mule Skinner _____ - The FendermenBlues
47.9%
Title - Artist Answer % Correct
We'll ____ in the Sunshine - Gale GarnettSing
47.9%
Let the Little Girl _____ - Billy BlandDance
47.6%
Pretty Little _____ Eyes - Curtis LeeAngel
44%
Image of a ____ - The SafarisGirl
43.7%
Polk Salad _____ - Tony Joe WhiteAnnie
37.9%
Have I the _____? - The HoneycombsRight
36.4%
Rhythm of the ____ - The CascadesRain
35.4%
Little Bit O' ____ - The Music ExplosionSoul
26.8%
Elusive _________ - Bob LindButterfly
26%
_________ and Icicles - The MurmaidsPopsicles
22.9%
______ Get Angry - Joanie SommersJohnny
20.3%
_____ Go 'Round the Roses - The JaynettsSally
19.1%

Today's Daily Dose

Missing Word
FPS Games (A-Z)

Quick Pick
Cartoon Lions

Get the Picture
5, 6, 7, or 8 Movies

You're not logged in!

Compare scores with friends on all Sporcle quizzes.
OR
Log In
Forgot?

From the Vault

Biopic Movies II

by manonthemoon

Who would star in Sporcle: The Movie?
Remove Ads.
Support Sporcle.
Get the best of Sporcle when you Go Orange. This ad-free experience offers more features, more stats, and more fun while also helping to support Sporcle. Thank you for becoming a member.

Show Comments

Extras

Top Quizzes Today


Score Distribution

Your Account Isn't Verified!

In order to create a playlist on Sporcle, you need to verify the email address you used during registration. Go to your Sporcle Settings to finish the process.

Report this User

Report this user for behavior that violates our Community Guidelines.

Details: